Tenerife South Destinations (Santa Cruz de Tenerife, Spain) - Map - Statistics

General Stats
  • This quiz has been taken 41 times
  • The average score is 91 of 121
Answers on the Map
Answers color-coded by a green-red scale on the quiz's map according to % correct below.
 
Answer Stats
Destination % Correct
London (Gatwick)
100%
London (Heathrow)
100%
London (Luton)
100%
London (Southend)
100%
London (Stansted)
100%
Cork
95%
Dublin
95%
Isle of Man
95%
Lisbon
95%
Madrid
95%
Manchester
95%
Paris (Charles de Gaulle)
95%
Paris (Orly)
95%
Belfast (International)
90%
Birmingham
90%
Brussels
90%
Bucharest (Otopeni)
90%
Budapest
90%
Cardiff
90%
Edinburgh
90%
Frankfurt
90%
Geneva
90%
Glasgow
90%
Glasgow (Prestwick)
90%
Málaga
90%
Marseille
90%
Milan (Linate)
90%
Milan (Malpensa)
90%
Naples
90%
Nice
90%
Rome (Fiumicino)
90%
Stockholm (Arlanda)
90%
Venice
90%
Basel/Mulhouse
85%
Berlin
85%
Bilbao
85%
Bordeaux
85%
Casablanca
85%
Helsinki
85%
Lyon
85%
Marrakesh
85%
Newcastle upon Tyne
85%
Oslo
85%
Porto
85%
Prague
85%
Riga
85%
Tirana
85%
Toulouse
85%
Vienna
85%
Warsaw (Chopin)
85%
Warsaw (Modlin)
85%
Zürich
85%
Aberdeen
80%
Amsterdam
80%
Chișinău
80%
Copenhagen
80%
Düsseldorf
80%
Hamburg
80%
Jersey
80%
Leeds/Bradford
80%
Liverpool
80%
Nantes
80%
Rotterdam/The Hague
80%
Salzburg
80%
Santiago de Compostela
80%
Seville
80%
Stuttgart
80%
Valencia
80%
Bologna
75%
Bristol
75%
Cologne/Bonn
75%
Gdańsk
75%
Gran Canaria
75%
Kraków
75%
Malmö
75%
Munich
75%
Pisa
75%
Tallinn
75%
Vilnius
75%
Antwerp
70%
Bergen
70%
Billund
70%
Nuremberg
70%
Reykjavík
70%
Agadir
65%
Brest
65%
Brno
65%
Dresden
65%
Eindhoven
65%
Funchal
65%
Gothenburg
65%
Hahn
65%
Leipzig/Halle
65%
Liège
65%
Shannon
65%
Verona
65%
Aalborg
60%
Bergamo
60%
Bremen
60%
Hannover
60%
Lille
60%
Luxembourg
60%
Norwich
60%
Ostend/Bruges
60%
Graz
55%
Katowice
55%
Exeter
50%
La Palma
50%
Stavanger
50%
Asturias
45%
Bournemouth
45%
East Midlands
45%
Knock
45%
Beauvais
40%
Charleroi
40%
Treviso
40%
Karlsruhe/Baden-Baden
35%
Memmingen
35%
Münster/Osnabrück
30%
Kassel
25%
Weeze
20%
No matching quizzes found
Score Distribution
Percent of People with Each Score
Percentile by Number Answered
Your Score History
You have not taken this quiz